The man of muscle : or, The spotter sport's neck-tie party /

Bibliographic Details
Main Author: Badger, Jos. E. (Joseph Edward), 1848-1909
Format: Book
Language:English
Published: New York : Beadle & Adams, 1895.
Series:Beadle's New York dime library ; no. 884.
Beadle's dime novels ; DL-884.

MARC

Tag First Indicator Second Indicator Subfields
LEADER 00000cam a2200000 i 4500
001 in00001364591
005 20151006075125.0
008 800818r19801895miua a 000 1 eng d
035 |a (OCoLC)06629971 
035 |9 AHJ0485AM 
037 |a CL0054000003  |b University Microfilms International 
037 |b University Microfilms International, 300 N. Zeeb Rd., Ann Arbor, MI 48106 
040 |a UMI  |c UMI  |d UtOrBLW 
049 |a TXAI 
090 |a PS1056.B35  |b M3486 
099 |a film  |a B  |a 3866 
100 1 |a Badger, Jos. E.  |q (Joseph Edward),  |d 1848-1909. 
245 1 4 |a The man of muscle :  |b or, The spotter sport's neck-tie party /  |c by Jos. E. Badger, Jr. 
264 1 |a New York :  |b Beadle & Adams,  |c 1895. 
300 |a 32 pages :  |b illustrations 
336 |a text  |b txt  |2 rdacontent 
337 |a microform  |b h  |2 rdamedia 
338 |a microfilm reel  |b hd  |2 rdacarrier 
490 1 |a Beadle's New York dime library ;  |v no. 884 
500 |a Microfilm. Ann Arbor, Mich. : University Microfilms International, 1980. -- 1 reel ; 35 mm. -- (Dime novels ; Unit 3 ; 884-DL : reel 41:35). 
500 |a Microform. 
830 0 |a Beadle's New York dime library ;  |v no. 884. 
830 0 |a Beadle's dime novels ;  |v DL-884. 
999 |a MARS 
999 f f |s 489058d4-2647-3440-b93f-39f322fb8513  |i 1d0e3365-d78c-3e59-adcc-dde191e38f18  |t 0 
952 f f |p default  |a Texas A&M University  |b College Station  |c Sterling C. Evans Library  |d Evans: Microforms (3rd floor)  |t 0  |e film B 3866 reel 41:35  |h Other scheme  |i microform -- microfilm reel 
998 f f |a film B 3866 reel 41:35  |t 0  |l Evans: Microforms (3rd floor)